| 000 | 01199nam0a22003011 4500 | ||
|---|---|---|---|
| 001 | rc\2220085 | ||
| 005 | 20260407142942.0 | ||
| 035 | _a(NLR Aleph) 006528411 | ||
| 090 |
_a6506745 _c6506745 |
||
| 100 | _a20110826d1979 |||y0rusy50 ca | ||
| 101 | 0 | _arus | |
| 102 | _aRU | ||
| 105 | _aa z ||||| | ||
| 200 | 1 |
_aРучные пневматические машины ударного действия _eСб. науч. тр. _fАН СССР, Сиб. отд-ние, Ин-т горн. дела _gОтв. ред. Н.А. Клушин |
|
| 210 |
_aНовосибирск _cИГД _d1979 |
||
| 215 |
_a117 с. _cил. _d20 |
||
| 320 | _aБиблиогр. в конце работ | ||
| 606 |
_aОтбойные молотки _jСборники _2psbo |
||
| 686 |
_aЖ605.2я43 _2rubbk |
||
| 702 | 1 |
_aКлушин _bН.А. _gНиколай Александрович _4340 |
|
| 712 | 0 | 2 |
_aИнститут горного дела им. Н. А. Чинакала _cНовосибирск _3RU\NLR\AUTH\8810014020 _9525940 |
| 801 | 0 |
_aRU _bNLR _gpsbo |
|
| 801 | 1 |
_aRU _bELAR _2rusmarc |
|
| 852 |
_aNLR _j80-3/5678 |
||
| 899 |
_aRuMoRGB _jБ 80-15/469 |
||
| 899 |
_aRuMoRGB _jБ 80-15/470 |
||
| 942 | _cBOOK | ||
| 980 | _aNB | ||